Komparácia vývoja výkonnosti slovenskej a českej ekonomiky - limitujúce faktory rastu
Konfrontácia výkonu slovenskej a českej ekonomiky za obdobie rokov 2000-2012. Využitie magického štvoruholníka pri komparácii.
Gespeichert in:
| 1. Verfasser: | |
|---|---|
| Weitere Verfasser: | |
| Format: | Buchkapitel |
| Sprache: | Slowakisch |
| Schlagworte: | |
| Tags: |
Keine Tags, Fügen Sie das erste Tag hinzu!
|
MARC
| LEADER | 00000nla a2200000 4500 | ||
|---|---|---|---|
| 001 | 0180751 | ||
| 005 | 20240603073421.0 | ||
| 041 | 0 | |a slo | |
| 044 | |a SK | ||
| 245 | 1 | 0 | |a Komparácia vývoja výkonnosti slovenskej a českej ekonomiky - limitujúce faktory rastu |c Daniela Sovíková, Karol Zalai |
| 520 | |a Konfrontácia výkonu slovenskej a českej ekonomiky za obdobie rokov 2000-2012. Využitie magického štvoruholníka pri komparácii. | ||
| 610 | 2 | 0 | |a situácia hospodárska |
| 610 | 2 | 0 | |a rast hospodársky |
| 610 | 2 | 0 | |a výkonnosť ekonomiky |
| 610 | 2 | 0 | |a Slovensko |
| 610 | 2 | 0 | |a Česko |
| 100 | 1 | |a Sovíková, Daniela, 1983- | |
| 700 | 1 | |a Zalai, Karol | |